00690nam a2200205 a 450000500170000000800410001704000250005804100080008304400070009110000320009824501650013026000530029530000110034865000130035965000240037265000240039665000260042066200130044670000250045920191224041547.0140224b1979 ck ||||rm||| 00| 0 spa d aCO-BoIAVHcCO-BoIAVH aspa ack aCastaño M., Olga Victoria aEstudio comparativo del comportamiento de dos especies de morrocoy, Geochelone denticulata y Geochelone carbonaria y algunos aspectos de su morfología externa aBogotábUniversidad Nacional de Colombiac1979 a118 p. aReptiles aTortugas terrestres aMorfología animal aComportamiento animal aColombia aLugo Rugeles, Myriam